Leyes, decretos y reglamentos sobre transferencia de tecnología e inversiones nacionales y extranjeras /

Збережено в:
Бібліографічні деталі
Співавтор: México
Формат: Книга
Опубліковано: México : CONACYT, 1974, c1974
Серія:(Documentos CONACYT ; 5)
Предмети:
Теги: Додати тег
Немає тегів, Будьте першим, хто поставить тег для цього запису!

MARC

LEADER 00000nam^a2200000^a^4500
001 000233558
005 20250521000000.0
009 20260310104650.597
035 |a 053994 
037 |a Acervo Xavier Clavigero 
082 |a 341. 7675  |b MEX 
110 |a México 
245 1 0 |a Leyes, decretos y reglamentos sobre transferencia de tecnología e inversiones nacionales y extranjeras / 
264 4 |a México :  |b CONACYT,  |c 1974, c1974 
300 |a 57 p. 
336 |a texto  |b txt  |2 rdacontenido 
337 |a sin mediación  |b n  |2 rdamedio 
338 |a volumen  |b nc  |2 rdasoporte 
440 1 |a (Documentos CONACYT ;  |v 5) 
649 |a XX 
650 |a Transferencia de Tecnología -  |z México -  |x Leyes y Reglamentos -  |x Tema Principal 
650 |a Inversiones Extranjeras -  |z México -  |x Leyes y Reglamentos -  |x Tema Principal 
650 |a Derecho Mercantil -  |z México -  |x Leyes y Reglamentos 
650 |a Derecho Económico -  |z México -  |x Leyes y Reglamentos 
650 |a Derecho -  |z México -  |x Leyes y Reglamentos 
910 |a Fondo General 
920 |a Impresos - Libros 
930 |a Colección General 
905 |a 101 
901 |a 053994  |b IT1  |c ACC  |i 053994  |u 20250521 
902 |a https://opac.biblio.iteso.mx/vufind/Record/000233558